Impuestos sobre herencias, legados y donaciones (Record no. 7949)

MARC details
000 -CABECERA
campo de control de longitud fija 00804nam a2200241 a 4500
001 - NÚMERO DE CONTROL
campo de control BRCA_8281
005 - FECHA Y HORA DE LA ÚLTIMA TRANSACCIÓN
campo de control 20190320210217.0
008 - DATOS DE LONGITUD FIJA--INFORMACIÓN GENERAL
campo de control de longitud fija 120614s1956----mx-ad##f##---#001-0#spa-#
041 ## - CÓDIGO DE LENGUA
Código de lengua del texto/banda sonora o título independiente spa
044 ## - CÓDIGO DEL PAÍS DE LA ENTIDAD EDITORA/PRODUCTORA
Código MARC del país mx
050 #4 - SIGNATURA TOPOGRÁFICA DE LA BIBLIOTECA DEL CONGRESO
Número de clasificación KGF4737
Número de documento/Ítem .I47 1956
245 10 - MENCIÓN DE TÍTULO
Título Impuestos sobre herencias, legados y donaciones
Mención de responsabilidad, etc. anotadas y concordadas por el notario Manuel Andrade.
250 ## - MENCIÓN DE EDICIÓN
Mención de edición 3
260 ## - PUBLICACIÓN, DISTRIBUCIÓN, ETC.
Lugar de publicación, distribución, etc. México
Nombre del editor, distribuidor, etc. Información Aduanera de México
Fecha de publicación, distribución, etc. [1956]
300 ## - DESCRIPCIÓN FÍSICA
Extensión 1 v. (paginación variada)
Otras características físicas il., tablas, gráficas
Dimensiones 21 cm.
500 ## - NOTA GENERAL
Nota general S66
650 14 - PUNTO DE ACCESO ADICIONAL DE MATERIA--TÉRMINO DE MATERIA
Término de materia o nombre geográfico como elemento de entrada Impuestos
Subdivisión de forma Herencias, legados y donaciones
Subdivisión geográfica México
9 (RLIN) 20684
650 14 - PUNTO DE ACCESO ADICIONAL DE MATERIA--TÉRMINO DE MATERIA
Término de materia o nombre geográfico como elemento de entrada Impuestos
Subdivisión de forma Cálculos
Subdivisión geográfica México
9 (RLIN) 20685
650 14 - PUNTO DE ACCESO ADICIONAL DE MATERIA--TÉRMINO DE MATERIA
Término de materia o nombre geográfico como elemento de entrada Impuestos
Subdivisión de forma Transferencias
Subdivisión geográfica México
9 (RLIN) 20686
700 1# - PUNTO DE ACCESO ADICIONAL--NOMBRE DE PERSONA
Nombre de persona Andrade, Manuel
Término indicativo de función/relación comp.
9 (RLIN) 20687
902 ## - CATALOGADOR
Iniciales GFM
942 ## - ELEMENTOS DE PUNTO DE ACCESO ADICIONAL (KOHA)
Fuente del sistema de clasificación o colocación Library of Congress Classification
Tipo de ítem Koha Libros
Holdings
Estado de retiro Estado de pérdida Estado dañado No para préstamo Localización permanente Ubicación/localización actual Fecha de adquisición Número de inventario Total de préstamos Signatura topográfica completa Código de barras Fecha visto por última vez Precio válido a partir de Tipo de ítem Koha
El ejemplar forma parte de la colección y puede ser consultado según las políticas vigentes.       Biblioteca del Museo Franz Mayer (Rogerio Casas-Alatriste) Biblioteca del Museo Franz Mayer (Rogerio Casas-Alatriste) 12/06/2014 S66   KGF4737 .I47 1956 (S66) 8905 22/03/2019 22/03/2019 Libros